Prince of Tides (The) (Record no. 100779)

MARC details
000 -LEADER
fixed length control field 01214njm a2200277Ia 4500
001 - CONTROL NUMBER
control field A9825
003 - CONTROL NUMBER IDENTIFIER
control field IT-RoPAU
005 - DATE AND TIME OF LATEST TRANSACTION
control field 20220918181133.0
008 - FIXED-LENGTH DATA ELEMENTS--GENERAL INFORMATION
fixed length control field 131025s9999 xx 000 0 und d
040 ## - CATALOGING SOURCE
Original cataloging agency IT-RoPAU
040 ## - CATALOGING SOURCE
Transcribing agency IT-RoPAU
999 ## - SYSTEM CONTROL NUMBERS (KOHA)
Koha Dewey Subclass [OBSOLETE] n.d.
100 ## - MAIN ENTRY--PERSONAL NAME
Personal name Newton-Howard James
9 (RLIN) 28462
100 ## - MAIN ENTRY--PERSONAL NAME
Relator term Autore musica
9 (RLIN) 28463
100 ## - MAIN ENTRY--PERSONAL NAME
Miscellaneous information Codice autore musica SPICS: 23095
9 (RLIN) 28464
245 ## - TITLE STATEMENT
Title Prince of Tides (The)
250 ## - EDITION STATEMENT
Edition statement 1a ed.
260 ## - PUBLICATION, DISTRIBUTION, ETC. (IMPRINT)
Place of publication, distribution, etc. ITALIA
260 ## - PUBLICATION, DISTRIBUTION, ETC. (IMPRINT)
Name of publisher, distributor, etc. SONY MUSIC ENTERTAINMENT
Date of publication, distribution, etc. 1992 [1a Ed.:1992 - Ed. Lingua Orig.: 1992]
300 ## - PHYSICAL DESCRIPTION
Extent COMPACT DISC
500 ## - GENERAL NOTE
General note Colonna sonora del film omonimo.
505 ## - FORMATTED CONTENTS NOTE
Formatted contents note Teddy Bears - The Street* To New York - For All We Know - The Bloodstain - The Reunion - The Fishmarket - End Credits - The New York Willies - Places That Belong To You - The Village Walk - Lila's Theme - Home Movies - Daddy's Home - The Hallway: Love Theme - They Love You Dad - So Cruel - Savannah Awakes - Love Montage - Tom Comes Home - The Outdoors - Tom's Breakdown
650 ## - SUBJECT ADDED ENTRY--TOPICAL TERM
Topical term or geographic name as entry element COLONNA SONORA [COMPACT DISC]
Relator term Codice MATERIA SPICS: 9949
9 (RLIN) 28465
700 ## - ADDED ENTRY--PERSONAL NAME
Personal name Newton-Howard James
Miscellaneous information Codice interprete SPICS: 23095
Relator term Interprete
9 (RLIN) 28466
942 ## - ADDED ENTRY ELEMENTS (KOHA)
Koha item type CD AUDIO
Source of classification or shelving scheme Dewey Decimal Classification
Holdings
Withdrawn status Lost status Damaged status Not for loan Home library Current library Date acquired Total Checkouts Full call number Date last seen Price effective from Koha item type Public note
    Buone Condizioni Not For Loan SPICS-MEDIATECA SPICS-MEDIATECA 25/10/2013   A9825 25/10/2013 25/10/2013 CD AUDIO Progr. Ins.: 430 / N.Vol.: 1 / Copie: 1 - Copia rara: n.d. / date import: 01.01.2014 - By Epidotti, Trombetti, Vaglietti
CREDITS: SOCIETA' SAN PAOLO Via A.Severo, 58 - ROMA (RM) & PERIODICI SAN PAOLO SRL Via Giotto, 36 MILANO & CISF Via Giotto, 36 MILANO & EDIZIONI SAN PAOLO SRL,  Piazza Soncino, 5 CINISELLO BALSAMO (MI) -- ITALY